| 000 | 00515cam a2200205ua 4500 | ||
|---|---|---|---|
| 020 | _c10.75 | ||
| 041 |
_aasm _h |
||
| 082 |
_a575.1 _bJIN/CH |
||
| 100 | _aJinks, John L. | ||
| 245 |
_aChromosathara paramparyam / _cJohn L Jinks. _hTextual Documents |
||
| 260 |
_aThiruvananthapuram : _bState Instititute of Languages , _c1975. |
||
| 300 | _a266 ; . | ||
| 365 | _a10.75 | ||
| 504 | _a | ||
| 942 | _cBK | ||
| 999 |
_c6184 _d6184 |
||